01303 2200277 4500001002100000005001500021035002000036007000300056008003900059020002200098082001000120084001900130100002200149245012300171300003200294650000900326650000800335700003400343700002900377520048000406264004500886336002100931337002300952338003800975990001201013INLIS00000000116667320260202010454 a0010-0126000535ta260202 | | |  a978-602-06-6157-5 a664.7 aSR 664.7 LUV b0 aLuvita Hopenulis1 aBaking at home :b50 resep simpel & anti gagal ala Luvito Ho /cLuvita Ho; penyunting, Intarina Hardiman, Yudho Asmoro e1 berkas komputer (17.3 MB) 4aRoti 4aKue0 aIntarina Hardimanepenyunting0 aYudho Asmoroepenyunting aYang terpenting dibalik kesuksesan seseorang adalah talent dan passion. Hal ini dibuktikan Luvita Ho, juara 1 MasterChef Season 4 tahun 2015 yang secara konsisten menapaki karier di dunia pastry. Sukses dengan usaha online, kini Luvita produktif sebagai youtube content creator. Buku Baking at Home-50 Resep Simpel Antigagal ala Luvita Ho ini berisi resep andalannya yang terbagi atas 4 kategori yaitu: Roti Pastry Choux, Cookies, Bolu Cake, Dessert/No Bake, serta pelengkap. aJakarta :bGramedia Pustaka Utama,c2022 2rdacontentaTeks 2rdamediaaKomputer 2rdacarrieraSumber sambung jaring a3406709